| 000 | 01157cam a2200337Ia 4500 | ||
|---|---|---|---|
| 001 | 48890 | ||
| 005 | 20230410103647.0 | ||
| 008 | 010507s1981 sp a b 001 0 spa d | ||
| 020 | _a8420623024 | ||
| 020 | _a9788420623023 | ||
| 040 |
_aDRFGD _bspa |
||
| 041 | 1 |
_aspa _hita |
|
| 050 | 1 | 4 |
_a300 HC 240 _bC577h 1981 |
| 049 | _aGRAL | ||
| 100 | 1 | _aCipolla, Carlo M. | |
| 245 | 1 | 0 |
_aHistoria económica de la Europa preindustrial / _cCarlo M. Cipolla ; versión española del italiano, Esther Benítez ; versión española del inglés, Joaquín Arango. |
| 250 | _a1. ed. rev. y ampliada. | ||
| 260 |
_aMadrid : _bAlianza Editorial, _c1981. |
||
| 300 |
_a337 p. : _bil. ; _c21 cm. |
||
| 490 | 0 |
_aAlianza universidad ; _v302 |
|
| 500 | _aTraducción de: Before the industrial revolution : European society and economy, 1000-1700 | ||
| 500 | _aReimpresión 1985 | ||
| 504 | _aIncluye bibliografía: (p. 303-323) e índice. | ||
| 651 | 4 |
_aEuropa _xCondiciones económicas. |
|
| 651 | 0 |
_aEurope _xEconomic conditions. |
|
| 700 | 1 | _aBenítez, Esther. | |
| 700 | 1 | _aArango, Joaquín. | |
| 942 |
_2lcc _cbk |
||
| 946 | _amfcruz | ||
| 994 |
_aC0 _bDRFGD |
||
| 999 |
_c23443 _d23443 |
||